Name the K-Pop Idol based on their last name (NewJeans) - Statistics

General Stats
  • This quiz has been taken 257 times
  • The average score is 5 of 5
Answer Stats
Hint Answer % Correct
Pham Hanni
99%
Marsh Danielle
97%
Kim Minji
97%
Kang Haerin
95%
Lee Hyein
95%
No matching quizzes found
Score Distribution
Percent of People with Each Score
Percentile by Number Answered
Your Score History
You have not taken this quiz